Warframe Quiz - Statistics

General Stats
  • This quiz has been taken 2,046 times
    2,045 since last reset
  • The average score is 17 of 25
Answer Stats
Question Answer % Correct
The wolves/dogs in this game are called? Kubrow
99%
The name of the cats in this game is? Kavat
97%
The type of mission where you have to kill a certain amount of enemies is called? Exermination
96%
The Music Warframe's name is? Octavia
96%
The name of the first of enemy you fight on earth. Grineer
94%
The first sword that you can get in Warframe is? Skana
94%
The enemies found within the void are called? Orokin
93%
A weapon that comes with a Warframe is? Exalted
91%
The Warframe Unlocked via "The Sacrifice" quest is? Excalibur Umbra
91%
You can make alien pets using the ____ that grows on your neck. Cyst
90%
The resource you can gain prime parts from are called? Relic
90%
There is only one horror based quest as of 2019, The name of this quest is? (Hint: Its part of the main story) Chains of Harrow
89%
Who is known as the "Void Trader"? Baro Ki'teer
88%
The song heard whilst entering Fortuna is called? We all Lift Together
77%
The Waframe that can be gained from doing stealth missions on various levels is called? Ivara
73%
Wisp harnesses the power of? The Sun
72%
There is an NPC in Fortuna named "Legs" what was his previous name? Thursby
61%
The most common place to find people Xp farming is? Hydron:Sedna
52%
The most recently added Frame is Called? Gauss
42%
The Lotus's real name is?(Hint: During the orokin era) Margulis
39%
How many planets are in the game?(Including Void, And Kuva) 16
29%
What Are the two most recent prime unvaults? Saryn & Valkyr Prime
25%
How Many Frames are in the game?(not including primes) 66
21%
How long has Warframe been out? 6yrs
21%
Saryn is given what nick name amongst the community? Cancer
21%
No matching quizzes found
Score Distribution
Percent of People with Each Score
Percentile by Number Answered
Your Score History
You have not taken this quiz since the last reset